Statistieken voor Kleur de Vlag Puzzel #1

Klik hier om de quiz te nemen!

Algemene statistieken

  • Deze quiz is 707 keer genomen
  • De gemiddelde score is 4 van 6

Antwoorden op de kaart

Antwoorden kleurgecodeerd door een groen-rode schaal op de quizkaart volgens % correct hieronder.
Laden...
 

Antwoordstatistieken

Antwoord% Correct
Wit
79%
Rood
68%
Groen
64%
Geel
64%
Zwart
55%
Blauw
54%

Scoreverdeling

Percentiel versus Aantal Correcte Antwoorden

Procent van Mensen met Elke Score

Uw Scoregeschiedenis

U heeft deze quiz nog niet genomen